000 00525nam a2200205Ia 4500
003 OSt
005 20140319135325.0
008 140130s9999 xx 000 0 und d
020 _a0590135201
050 _aPZ 8.3
_b.C456Fk 1991
100 _aChristelow, Eileen
245 _cEileen Christelow.
_aFive little monkeys sitting in a tree /
260 _bScholastic,
_c1991.
_aNew York :
300 _a32 p. :
_bcol. ill. ;
_c21 cm.
440 _v1
521 _aG2
526 _c440
942 _cBK
_2lcc
999 _c40346
_d40346